000 00467nam a2200169Ia 4500
999 _c34845
_d34845
003 OSt
005 20200203150004.0
008 190216s9999||||xx |||||||||||||| ||und||
040 _coclc
082 _a340
_bVAN/N
100 _aVanamamalai
_91810
245 0 _aNiyamavum Needhiyum Soviet Nattil /
_cVanamamalai
260 _bPrabhath Book House,
300 _a246p
650 _aPolitical Science
942 _cBK
_2ddc
_h340
_iVAN/N
_k340
_mVAN/N